000 02240nam a2200517 c 4500
001 8646
003 ES-MaCES
005 20150929135414.0
008 990407s1999 sp o100 | spa d
017 _aC 206-1999
_bDL
020 _a8489694958
035 _aCES19990005162m
040 _aES-MaCES
_bspa
_cES-MaCES
245 0 0 _aLecciones de Derecho sanitario
_c[directores] José M. Gómez y Díaz-Castroverde, Francisco Javier Sanz Larruga ; [coordinador] Miguel Juane Sánchez ; [prólogo de José Manuel Romay Becaría]
260 _aA Coruña
_bUniversidade da Coruña, Servicio de Publicacións
_cD.L. 1999
300 _a710 p.
_c22 cm
490 1 _aColección Cursos, congresos y simposios
_v47
500 _aEsta publ. tiene su origen en el Seminario sobre responsabilidad profesional del médico impartido en el Club Financiero de A Coruña entre marzo y mayo de 1997 ; y continuidad en el Curso de Especialidad en Derecho Sanitario, impartido por la Universidad de A Coruña, entre enero y junio de 1998
541 _cCompra
650 4 _asalud
_928680
650 4 _aasistencia médica
_930272
650 4 _apolítica sanitaria
_929366
650 4 _agestión de los sistemas de asistencia sanitaria
_930670
650 4 _acompetencia legal
_929890
650 4 _arégimen jurídico
_929894
650 4 _aresponsabilidad civil
_929046
650 4 _adelito
_927046
650 4 _acentro médico
_929367
650 4 _apersonal médico
_927060
650 4 _aderecho
_927151
650 4 _aEspaña
_926964
650 4 _aconferencia
_927013
650 4 _acurso de formación
_927464
653 1 0 _aDerecho del trabajo y Seguridad Social
650 4 _926752
_aUE
700 1 _aGómez y Díaz-Castroverde, José M.
_edir.
_913695
700 1 _aSanz Larruga, Francisco Javier
_edir.
_923534
700 1 _aJuane Sánchez, Miguel
_ecol.
_915566
700 1 _aRomay Becaría, José Manuel
_epr.
_922560
710 2 _aUniversidad de La Coruña
_eed.
_95292
711 2 _aSeminario sobre responsabilidad profesional del médico
_d1997
_cLa Coruña
_9443
830 0 _aColección Cursos, congresos y simposios
_v47
_933165
902 _aLIB Libro
942 _2CES
_cBK
_h6.0.1.
999 _c8646
_d8646